Najpopularniejsze kanały na YouTube - FIFA 2022 - Statystyki

Ogólne statystyki
  • Ten quiz został rozwiązany 86 razy
  • Średni wynik to 8 z 31
Statystyki odpowiedzi
Subskrybcje Youtuber % Poprawnych
1 030 000 PLKD
89%
289 000 Lachu Games
86%
456 000 Koza Sport
76%
501 000 Dev
71%
703 000 Jcob
71%
479 000 N3jxiom
70%
476 000 Kamyk
63%
283 000 Alvin
47%
510 000 Junajted
46%
379 000 Kartomania
33%
369 000 Adryan
29%
162 000 xFlaShx
27%
147 000 bejott
24%
239 000 LisekHD
20%
108 000 MexHD
20%
49 300 Błachu
17%
75 700 Rokcia
13%
162 000 Davczo
10%
93 600 SkyDoom
10%
9 210 klqudka
6%
23 300 Kozi
1%
27 900 KUBA
1%
10 800 WachU
1%
14 400 damiefifa
0%
5 450 DOMINOSEK
0%
12 800 KuzoneK
0%
94 700 Leszek YT
0%
6 200 MlodyHubi
0%
9 870 Oskar Stachowski
0%
5 140 Walus
0%
10 800 Wilk z FUT Street
0%
Nie znaleziono quizów pasujących do podanych kryteriów
Rozkład punktacji
Procent ludzi z każdym wynikiem
Percentyl według liczby udzielonych odpowiedzi
Twoja historia wyników
Nie rozwiązałeś tego quizu